000
00274nam a2200133Ia 4500
100
_a
IBM
942
_c
BK
654
_a
Technic Manul
245
_a
Technic Manul 16 Bit
260
_b
IBM Corpor.
_a
Flordia
_c
1983
082
_a
621.3
_b
Ibm
546
_a
ENGLISH
999
_c
30865
_d
30865